• 首页
  • 本馆介绍
  • 公告通知
  • 最新文献
  • 馆藏检索
  • 电子资源
  • 读者导购
  • 参考咨询
  • 我的图书馆
  • 登录
  • 详细信息显示
  • 放入我的书架
  • 预约/预借图书
  • 作者相关作品
  • 分类相关作品
  • 丛书相关作品
  • 出版社相关作品

书目信息

  • 表格格式
  • 工作单格式
  • 卡片格式
题名:
无机及分析化学实验
    
 
作者: 侯振雨 , 郝海玲 , 娄天军 主编
分册:  
出版信息: 北京   化学工业出版社  2010.5
页数: 192页
开本: 26cm
丛书名:
单 册:
中图分类: O61-33 , O652.1
科图分类:
主题词: 无机化学--化学实验--高等学校--教材 , 分析化学--化学实验--高等学校--教材 , 无机化学 , 化学实验 , 分析化学
电子资源:
ISBN: 978-7-122-05031-1
000 01138nam0 2200337 45
001 1360579577
005 20130530170500.90
010    @a978-7-122-05031-1@dCNY19.80
100    @a20130513d2010 em y0chiy0120 ea
101 0  @achi
102    @aCN@b110000
105    @aak z 000yy
106    @ar
200 1  @a无机及分析化学实验@AWu Ji Ji Fen Xi Hua Xue Shi Yan@f侯振雨,郝海玲,娄天军主编@FHou Zhen Yu, Hao Hai Ling, Lou Tian Jun Zhu Bian
205    @a2版
210    @a北京@c化学工业出版社@d2010.5
215    @a192页@c图@d26cm
300    @a高等学校教材
330    @a本书共七十二个实验,内容涉及物理量与化学常数的测定、无机制备实验、性质与定性分析实验、定量化学分析实验、仪器分析实验等方面。
606 0  @a无机化学@x化学实验@x高等学校@j教材
606 0  @a分析化学@x化学实验@x高等学校@j教材
606 0  @a无机化学
606 0  @a化学实验
606 0  @a分析化学
690    @aO61-33@v5
690    @aO652.1@v5
701  0 @a侯振雨@AHou Zhen Yu@4主编
701  0 @a郝海玲@AHao Hai Ling@c(职业教育)@4主编
701  0 @a娄天军@ALou Tian Jun@4主编
801    @aCN@bTANGWEI@c20130523
905    @b0835740-42@dO61-33@e149=2@f3
    
    无机及分析化学实验/侯振雨,郝海玲,娄天军主编.-2版.-北京:化学工业出版社,2010.5
    192页:图;26cm
    高等学校教材
    
    ISBN 978-7-122-05031-1:CNY19.80
    本书共七十二个实验,内容涉及物理量与化学常数的测定、无机制备实验、性质与定性分析实验、定量化学分析实验、仪器分析实验等方面。
●
相关链接 在E读中查询图书 在五车中查询图书 在当当中查询图书 在豆瓣中查询图书


正题名:无机及分析化学实验     索取号:O61-33/149=2         预约/预借

序号 登录号 条形码 馆藏地/架位号 状态 备注
1 0835740   208357400   第二样本阅览室/ [索取号:O61-33/149=2] 在馆    
2 0835741   208357419   密集书库-化学系/ [索取号:O61-33/149=2] 在馆    
3 0835742   208357428   第三借阅区/ [索取号:O61-33/149=2] 在馆    
唐山师范学院图书馆 欢迎您!
大连网信软件有限公司© 版权所有